000 00919nam a22003017a 4500
001 000571
003 DO-SdBNP
005 20180125134357.0
007 000571
008 161019b 1989 sp a ||||| |||| 00| 0 spa d
020 _a9788426103932
040 _aBPMSU
_bspa
_cBPMSU
082 _axxxxx
_bxxxxx
100 1 _aKaestner, Erich,
_d1899-1974.
240 1 _aDas doppelte lottchen.
_lspa
245 1 4 _aLas dos Carlotas /
_cErich Kaestner ; traducción de Pilar Guerra ; ilustraciones de Walter Trier.
250 _a6a ed.
260 _aBarcelona :
_bJuventud,
_c1998.
300 _a167 p. :
_bil. ;
_c22 cm..
490 1 _aJuventud
_v5
700 1 2 _aGuerra, Pilar,
_etr.
700 1 2 _aTrier, Walter,
_eil.
830 0 _aJuventud
_n5
942 _2ddc
_cBK
945 _aInventariado, 2018 / BT
956 _2LOPEREZ
_310
_620161019
_8BPMSU
_a00041
956 _aBTAVAREZ
_b10
_d20180125
_fBPMSU
_h0038
999 _c11606
_d11606